Country Leaders at the Time of a World Cup Victory - Statistics

General Stats
  • This quiz has been taken 15 times
  • The average score is 8 of 25
Answer Stats
Year Victorious Country Title of Leader Answer % Correct
2014 Germany Chancellor Angela Merkel
80%
1966 England Monarch Elizabeth II
80%
2018 France President Emmanuel Macron
80%
1998 France President Jacques Chirac
67%
1990 West Germany Chancellor Helmut Kohl
60%
2010 Spain Monarch Juan Carlos I
60%
1934 Italy Prime Minister Benito Mussolini
47%
1938 Italy Prime Minister Benito Mussolini
47%
1954 West Germany Chancellor Konrad Adenauer
47%
1974 West Germany Chancellor Helmut Schmidt
33%
Prime Minister Lionel Jospin
33%
England Prime Minister Harold Wilson
27%
1978 Argentina President Jorge Rafael Videla
27%
Prime Minister Édouard Philippe
20%
2006 Italy Prime Minister Romano Prodi
20%
2002 Brazil President Fernando Henrique Cardoso
13%
1994 Brazil President Itamar Franco
13%
Prime Minister José Luis Rodríguez Zapatero
13%
1986 Argentina President Raúl Alfonsín
13%
1982 Italy Prime Minister Giovanni Spadolini
7%
1970 Brazil President Emílio Garrastazu Médici
0%
1962 Brazil President João Goulart
0%
1930 Uruguay President Juan Campisteguy
0%
1958 Brazil President Juscelino Kubitschek
0%
1950 Uruguay President Luis Batlle Berres
0%
No matching quizzes found
Score Distribution
Percent of People with Each Score
Percentile by Number Answered
Your Score History
You have not taken this quiz